Guess the random music act I - Statistics

General Stats
  • This quiz has been taken 16 times
  • The average score is 21 of 50
Answer Stats
Songs Country Genre(s) Act % Correct
Jamming // Could You Be Loved // Three Little Birds Jamaica Reggae Bob Marley
100%
Mamma Mia // Waterloo // The Winner Takes It All Sweden Pop, Eurodisco ABBA
94%
Yesterday // Eleanor Rigby // Strawberry Fields Forever England Pop Rock, Psychedelic Pop The Beatles
94%
The Real Slim Shady // Lose Yourself // Stan United States Pop Rap, Hip Hop Eminem
88%
Bohemian Rhapsody // Radio Ga Ga // The Show Must Go On England Pop Rock, Glam Rock Queen
88%
In Da Club // P.I.M.P // Candy Shop United States Pop Rap, Hip Hop 50 Cent
81%
Take on Me // The Sun Always Shines on T.V. // Hunting High and Low Norway Synthpop, Pop Rock a-ha
81%
Boulevard of Broken Dreams // Basket Case // Wake Me Up When September Ends United States Punk Rock, Alternative Rock Green Day
81%
Money // Another Brick in the Wall / Time England Progressive Rock, Art Rock Pink Floyd
81%
Hold the Line // Africa // Rosanna United States Pop Rock, AOR Toto
81%
Gold Digger // Flashing Lights // Good Morning United States Hip Hop, Pop Rap Kanye West
69%
Still Loving You // Wind of Change // Rock You Like a Hurricane Germany Hard Rock, AOR Scorpions
63%
Roxanne // Message in a Bottle // So Lonely England Pop Rock, Reggae Rock The Police
63%
Blinding Lights // After Hours // The Hills Canada R&B, Art Pop The Weeknd
63%
Kingston Town // Red Red Wine // (I Can't Help) Falling in Love with You England Reggae UB40
63%
Andrea // NUEVAYoL // Yonaguni Puerto Rico Reggaetón, Trap Latino Bad Bunny
50%
Enjoy the Silence // Just Can't Get Enough // Strangelove England Synthpop, Darkwave Depeche Mode
50%
Only Time // The Memory of Trees // Orinoco Flow Ireland New Age Enya
50%
S&M // Russian Roulette // We Found Love Barbados R&B, Electropop Rihanna
50%
Smooth Operator // Is It a Crime // No Ordinary Love England Soul, Jazz Pop Sade
50%
Deutschland // Du Hast // Sonne Germany Neue Deutsche Härte, Industrial Metal Rammstein
44%
Touch // Veridis Quo // Robot Rock France French House, Disco Daft Punk
38%
Dolerme // Despechá // Yo x ti, tu x mi Spain Reggaetón, flamenco pop Rosalía
38%
Alors on danse // Papaoutai // Tous les mêmes Belgium Electropop, Art Pop Stromae
38%
Chariots of Fire // Conquest of Paradise // Hymne Greece Progressive Electronic, Film Score Vangelis
38%
Summer // My Way // Acceptable in the 80's Scotland Electropop, Electro House Calvin Harris
31%
La vida es un carnaval // Quimbara // La negra tiene tumbao Cuba Salsa, Son Cubano Celia Cruz
31%
Pobre Diabla // Bandoleros // Angelito Puerto Rico Reggaetón, Electrolatino Don Omar
31%
Autobahn // Das Model // Computerliebe Germany Progressive Electronic, Krautrock Kraftwerk
31%
Don't Answer Me // Eye in the Sky // La Sagrada Familia England Progressive Pop, Art Rock The Alan Parsons Project
31%
Magnetic Fields // Oxygene // Rendez-vous France Progressive Electronic, Ambient Jean Michel Jarre
25%
Bachata en Fukuoka // Ojalá que llueva café // Las avispas Dominican Republic Merengue, Bachata Juan Luis Guerra
25%
Chamber of Reflection // Freaking Out the Neighbourhood // My Kind of Woman Canada Indie Pop, Psychedelic Pop Mac DeMarco
25%
Desaparecido // Bongo Bong // Me gustas tú France Alternative Pop, Pop Reggae Manu Chao
25%
Let It Happen // Is It True // Borderline Australia Psychedelic Pop, Nu-Disco Tame Impala
25%
The Adults Are Talking // Ode to the Mets // Reptilia United States Indie Rock The Strokes
25%
Solovey // Rano-Ranen'ko // Shum Ukraine Electropop, Trance Go_A
19%
La flaca // Depende // El lado oscuro Spain Pop Rock Jarabe de Palo
19%
Pais tropical // Mas que nada // Ponta de lança africano (Umbabarauma) Brazil MPB, Samba Jorge Ben Jor
19%
Labios compartidos // Mariposa traicionera // El muelle de San Blas Mexico Pop Rock Maná
19%
Cherry // Shadow // Tick of the Clock United States Dream Pop, Synthwave Chromatics
13%
Fiume Sand Creek // Don Raffaè // Canzone del maggio Italy Singer-songwriter, Country Fabrizio de Andrè
13%
Nomadi // La stagione dell'amore // Voglio vederti danzare Italy Art pop, Synthpop Franco Battiato
13%
Eden // Mad About You // Anger Never Dies Belgium Trip Hop, Dream Pop Hooverphonic
13%
Al otro lado del río // Me haces bien // Todo se transforma Uruguay Singer-songwriter, Art pop Jorge Drexler
13%
Konchitsya leto // Krasno-Zholtyye dni // Kogda tboya devushka Bol'na Russia New Wave, Post Punk Kino
13%
Tren al sur // Estrechez de corazón // El baile de los que sobran Chile Pop Rock, Synthpop Los Prisioneros
13%
Marechià // Tienaté // Disco sole Italy Nu-Disco, Funk Nu Genea
13%
Canopée // Ani Kuni // Bakara France Tropical House, Deep House Polo & Pan
13%
Rydeen // Behind the Mask // Firecracker Japan Synthpop, Art Pop Yellow Magic Orchestra
6%
No matching quizzes found
Score Distribution
Percent of People with Each Score
Percentile by Number Answered
Your Score History
You have not taken this quiz